000 01742nam a2200229Ia 4500
999 _c29237
_d29237
003 OSt
005 20210203131649.0
008 160316s2011 xxu||||| |||| 00| 0 eng d
020 _a9788171947010
040 _cNLS
082 _a346.06646
_bUMA
100 _aUmarji M R
245 _aLaw and practice relating to securitisation and reconstruction of financial assets and enforcement of secuirty interest
250 _a5th
260 _aNew Delhi
_bTaxmann Allied Services (P) Ltd.
_c2011
300 _a1347p
365 _b Rs. 1,575
505 _aContents: Division one: Law relating to securitization asset reconstruction & rights of secured creditor; Securitisation; Asset reconstruction; Rights of secured creditors; Division Two-Securitisation and reconstruction of financial assets and enforcement of security interest Act, 2002; Chapter I-Preliminary; Chapter II-Regulation of securitization and reconstruction of financial assets of banks and financial institutions; Chapter III-Enforcement of security interest; Chapter IV-Central Registry; Chapter V-Offences and penalties; Chapter VI-Miscellaneous; Division Three-Recovery of debts due to banks and financial institutions Act, 1993; Chapter 1-Preliminary; Chapter 2- Establishment of tribunal and appellate tribunal; Chapter 3-Jurisdiction, power and authority of tribunals; Chapter 4-Procedure of tribunals; Chapter 5-Recovery of debts determined by tribunal; Chapter VI-Miscellaneous; Division Four-RBI's guidelines and directions governing securitisation and reconstruction of financial assets and enforcement of security interest. Appendices.
650 _a1. Securitisation - Law - Legislations - India
700 _a
_a
942 _2ddc
_cBK